Sivil toplum gözüyle Türkiye kültür politikası raporu : konferans konuşmaları (25-26 Mart 2011) ve özet rapor (Record no. 9719)

MARC details
000 -BAŞLIK
Sabit Uzunlukta Kontrol Alanı 01408na a2200361 4500
001 - KONTROL NUMARASI
Denetim Alanı 12803
003 - KONTROL NUMARASI IDENTIFIER
Denetim Alanı MIRAKIL
005 - SON İŞLEM TARİHİ VE ZAMANI
Denetim Alanı 20181213155255.0
008 - SABİT-BOY VERİ ELEMANLARI - GENEL BİLGİLER
Sabit Uzunlukta Kontrol Alanı 160827b tu 000 0
020 ## - ULUSLARARASI STANDART KİTAP NUMARASI
Uluslararası Standart Kitap Numarası 9756857544
035 ## - SİSTEM KONTROL NUMARASI
Sistem Kontrol Numarası 12803
040 ## - KATALOGLAMA KAYNAK
Orijinal Kataloglama Ajansı Milas
Kataloglama Dili tur
Metne Dönüştürmek Ajansı TR-AnCHP
041 ## - DİL KODU
Metin / Ses Parça Veya Ayrı Başlığın Dil Kodu tur
-- eng
082 ## - DEWEY ONLU SINIFLANDIRMA NUMARASI
Sınıflandırma Numarası 306.09561
Ürün Numarası S58 2011
090 ## - SINIFLAMA NUMARASI
Sınıflama Numarası 306.09561 S58 2011
245 ## - BAŞLIK TABLOSU
Başlık Sivil toplum gözüyle Türkiye kültür politikası raporu : konferans konuşmaları (25-26 Mart 2011) ve özet rapor
Başlığın Kalan = Turkish cultural policy report : a civil perspective
Sorumluluk Tablosu, Vb editör Serhan Ada
246 ## - UNVAN FORM VARYING
Başlık Doğru / Kısa Başlığı Sivil toplum gözüyle Türkiye kültür politikası
246 ## - UNVAN FORM VARYING
Başlık Doğru / Kısa Başlığı Turkish cultural policy report : a civil perspective
260 ## - YAYIN, DAĞITIM, VB
Yayın, Dağıtım, Vb Yeri İstanbul
Yayıncı, Dağıtıcı, Vs Adı İstanbul Bilgi Üniversitesi Yayınları
Yayın, Dağıtım, Vb Tarihi 2011
300 ## - FİZİKSEL TANIM
Kapsam 289 s.
Diğer Fiziksel Ayrıntıları tbl.
Boyutlar 23 sm
490 ## - SERİSİ TABLOSU
Seri Beyanı Kültürel İncelemeler
Hacim / Ardışık Tanımı 8
490 ## - SERİSİ TABLOSU
Seri Beyanı İstanbul Bilgi Üniversitesi yayınları
Hacim / Ardışık Tanımı 356
504 ## - KAYNAKÇA VB NOT
Kaynakça Vb Notu Kaynakça ve dizin var.
650 ## - KONU KATMA GİRİŞ - TOPİKAL DÖNEM
Topikal Süreli Veya Coğrafi Ad Giriş Elemanı Kültür
Genel Alt Bölümü Toplantılar
650 ## - KONU KATMA GİRİŞ - TOPİKAL DÖNEM
Topikal Süreli Veya Coğrafi Ad Giriş Elemanı Siyasal kültür
Genel Alt Bölümü Toplantılar
650 ## - KONU KATMA GİRİŞ - TOPİKAL DÖNEM
Topikal Süreli Veya Coğrafi Ad Giriş Elemanı Kültür politikası
Genel Alt Bölümü Hukuk ve mevzuat
Kronolojik Alt Bölümü Toplantılar
650 ## - KONU KATMA GİRİŞ - TOPİKAL DÖNEM
Topikal Süreli Veya Coğrafi Ad Giriş Elemanı Siyaset ve kültür
Genel Alt Bölümü Toplantılar
Coğrafi Alt Bölümü Türkiye
650 ## - KONU KATMA GİRİŞ - TOPİKAL DÖNEM
Topikal Süreli Veya Coğrafi Ad Giriş Elemanı Kültür politikası
Genel Alt Bölümü Toplantılar
Coğrafi Alt Bölümü Türkiye
650 ## - KONU KATMA GİRİŞ - TOPİKAL DÖNEM
Topikal Süreli Veya Coğrafi Ad Giriş Elemanı Sosyal politika
Genel Alt Bölümü Toplantılar
Coğrafi Alt Bölümü Türkiye
651 ## - KONU KATMA GİRİŞ - COĞRAFİ ADI
Coğrafi İsim Türkiye
Genel Alt Bölümü Kültür politikası
Kronolojik Alt Bölümü Toplantılar
700 ## - KATMA GİRİŞ - KİŞİSEL İSİM
Kişisel Ad Ada, Serhan
942 ## - EKLENDİ GİRİŞ ELEMANLARI (KOHA)
Sınıflandırma Veya Raf Düzeni Kaynak Dewey Decimal Classification
Koha Öğesi Türü Books
999 ## - SİSTEM KONTROL NUMARALARI (KOHA)
Koha Biblionumber 9719
Koha Biblioitemnumber 9719
Holdings
Kalıcı Konum Mevcut Konum Edinme Tarihi Edinim Kaynak Toplam Check-Out'Lar Tam Çağrı Numarası Barkod Tarih Son Görülme İtibaren Geçerli Fiyatlar Koha Öğesi Türü
CHP Kütüphanesi CHP Kütüphanesi 08/02/2016 Bağış   306.09561 S58 2011 000187 08/02/2016 08/02/2016 Books